000 00424nam a2200181Ia 4500
005 20250603145816.0
008 250603s9999 xx 000 0 und d
020 _a0-672-32290-0
050 _aT 385 .L32/
100 _aLaaker, Micah
245 0 _aTeach yourself SVG in 24 hours
260 _aIndianapolis
260 _bSams Publishing
260 _c2002
300 _a430 p
650 _aIndianapolis
942 _cBK
999 _c42921
_d42921